Statistics for Disney princesses

Click here to take the quiz!

General Stats

  • This quiz has been taken 261 times
  • The average score is 12 of 13

Answer Stats

HintAnswer% Correct
Has a well known fairy godmotherCinderella
98%
MermaidAriel
98%
Very long hairRapunzel
96%
Lives with 7 little menSnow white
96%
Wants to fight in warMulan
93%
Turns into a frogTiana
92%
Has icy magicElsa
91%
Sister of princess with icy magicAnna
91%
Has a pet tigerJasmine
90%
Scottish princessMerida
86%
Tribal princessPocahontas
85%
Is very sleepySleeping beauty
79%
Moves in with a beastBelle
69%

Score Distribution

Percentile by Number Answered

Percent of People with Each Score

Your Score History

You have not taken this quiz